000 00605nam a2200217Ia 4500
005 20250508165502.0
008 008 250505s9999 xx 000 0 eng d
020 _a978-81-316-0685-8
037 _aTextual
040 _aFEDL
_beng
_cFEDL
041 _aeng
_2eng
084 _a338.469, JOR
_qFEDL
100 _aJordan Bill
245 0 _aTheory of poverty and social exclusion
260 _aJaipur, India
_bRawat Publications
_c1996
300 _aviii, 276p.
365 _aINR
_b895
546 _aIndian reprint, 2015
942 _cTEXL
_h338.469, JOR
999 _c1395377
_d1395377